LEADER 01506nam a2200325 i 4500 001 000000041361 003 CaOOAMICUS 005 20140331000000.0 008 140331s1994 xx u000 u ger u 013 $a12531 020 $a3-545-23124-0 020 $a3-7887-1437-9 040 $aSeMil$bita 100 1 $aVögtle, Anton,$d<1910-1996>.$0(OLS)http://semarc/name/120 245 14$aDer Judasbrief, der 2. Petrusbrief /$cAnton Voegtle. 260 $aNeukirchen-Vluyn :$bNeukirchener,$ccopyr. 1994. 260 $aZürich ; Einsiedeln ; Köln :$bBenziger,$ccopyr. 1994. 300 $aXXII, 281 p. ;$c24 cm. 490 0 $aEKK = Evangelisch-Katholischer Kommentar zum Neuen Testament ;$v22. 650 4$aBibbia - NT - Giuda.$0(OLS)http://semarc/subject/6009 650 4$aBibbia - NT - Lettere di Pietro 1-2.$0(OLS)http://semarc/subject/5487 830 0$aEKK = Evangelisch-Katholischer Kommentar zum Neuen Testament ;$v22.$0(OLS)http://semarc/title/60 850 $aSeMil 852 $aSeMil$W1$xVenegono$y1$m2YA A 22$j256934$B7516$CSeMilBibl$Z2$F7516 $81 961 $aAcquisto: Casa editrice 996 $6020$a3-545-23124-0$9(OLS)http://semarc/number/12118 996 $6020$a3-7887-1437-9$9(OLS)http://semarc/number/12119 996 $6245$aDer Judasbrief, der 2. Petrusbrief$9(OLS)http://semarc/title/59861 996 $6260$aZürich ; Einsiedeln ; Köln :$bBenziger$9(OLS)http://semarc/publisher/29880 996 $6260$aNeukirchen-Vluyn :$bNeukirchener$9(OLS)http://semarc/publisher/29645 LEADER 01208nam a2200277 i 4500 001 000000089227 003 CaOOAMICUS 005 20060724000000.0 008 060724s2001 it u000 u ita u 013 $a61468 020 $a88-213-0467-1 040 $aSeMil$bita 245 10$aOmelie su Geremia :$blettura origeniana /$ca cura di Enrico Dal Covolo, Mario Maritano. 260 $aRoma :$bLAS,$ccopyr. 2001. 300 $a122 p. ;$c24 cm. 490 0 $aBiblioteca di scienze religiose ;$v165 650 4$aOrigene - Pensiero teologico.$0(OLS)http://semarc/subject/10156 700 1 $aMaritano, Mario.$0(OLS)http://semarc/name/840 700 1 $aDal Covolo, Enrico,$c.$0(OLS)http://semarc/name/839 830 0$aBiblioteca di scienze religiose ;$v165.$0(OLS)http://semarc/title/239 850 $aSeMil 852 $aSeMil$W1$xVenegono$y1$m2UA C 165$j228581$B52375$CSeMilBibl$Z2$F56827 $81 961 $aSottoscrizione: Città Nuova (Agente) 996 $6020$a88-213-0467-1$9(OLS)http://semarc/number/69141 996 $6245$aOmelie su Geremia :$blettura origeniana$9(OLS)http://semarc/title/135097 996 $6260$aRoma :$bLAS$9(OLS)http://semarc/publisher/29900